000
00324nam a22001217a 4500
999
_c
534146
_d
534146
040
_c
dlc
082
_a
891.4398
100
_a
Alama Munawar Hussain Usmani / علامہ منور حُسین عثمانی
_9
28292
245
_a
Front Seat
260
_a
Lahore
_b
Sanjh Publications
_c
c2010
300
_a
126;p
942
_2
ddc
_c
BK